| 000 | 00402 a2200133 4500 | ||
|---|---|---|---|
| 020 | _a9780780311190 | ||
| 090 |
_c2562 _d2562 |
||
| 100 | 1 | 0 | _aSinha, Pradeep K |
| 245 | 1 | 0 |
_aDistributed operating systems _b: concepts and design _c/ Pradeep K. Sinha. |
| 260 |
_aNew Delhi _bPrentice Hall, _c1997. |
||
| 300 |
_a743 p. _b: ill. |
||
| 650 | 0 | _aDistributed operating systems (Computers) | |
| 942 |
_cBK _k005.44 SIN |
||
| 999 |
_c6485 _d6485 |
||